| 000 | 00955cam a2200301 a 4500 | ||
|---|---|---|---|
| 005 | 20260322212059.0 | ||
| 008 | data | ||
| 010 | _a 97016521 | ||
| 020 | _a0312171803 | ||
| 020 | _a9780312171803 | ||
| 040 |
_aDLC _cDLC _dDLC |
||
| 043 | _an-us--- | ||
| 050 | 0 | 0 |
_aE840.8.A37 _bB57 1997 |
| 082 | 0 | 0 |
_aB _aB _221 |
| 100 | 1 | _aBlood, Thomas. | |
| 245 | 1 | 0 |
_aMadam Secretary : _ba biography of Madeleine Albright / _cThomas Blood. |
| 250 | _a1st ed. | ||
| 260 |
_aNew York : _bSt. Martin's Press, _c1997. |
||
| 300 |
_axii, 276 p. : _bill. ; _c25 cm. |
||
| 500 | _a"A Thomas Dunne book." | ||
| 504 | _aIncludes bibliographical references (p. 257-266) and index. | ||
| 600 | 1 | 0 | _aAlbright, Madeleine Korbel. |
| 610 | 2 | 0 |
_aUnited Nations _xBiography. _xBiography. |
| 650 | 0 |
_aWomen cabinet officers _zUnited States _xBiography. |
|
| 650 | 0 |
_aCabinet officers _zUnited States _xBiography. |
|
| 650 | 0 |
_aAmbassadors _zUnited States _xBiography. |
|
| 001 | data | ||
| 999 |
_c1417 _d1417 |
||